| 000 | 01932nam a2200397 a 4500 | ||
|---|---|---|---|
| 001 | 00003829 | ||
| 003 | DO-SdBNP | ||
| 005 | 20160613131944.0 | ||
| 007 | 00003829 | ||
| 008 | 091117s2005 dr a 000 0 spa d | ||
| 020 | _a9945111140 | ||
| 040 |
_aBPMSU _bspa _cBPMSU |
||
| 092 |
_a373.84 _bR696r 3ro. 2005 |
||
| 100 | _aRodríguez, Federico | ||
| 245 | 1 | 0 |
_aReligión 3 : _beducación media / _cFederico Rodríguez ; dirección editorial Obdulia García de Escobar ; ilustración Ruddy Núñez |
| 260 |
_aSanto Domingo : _bSantillana, _c2005. |
||
| 300 |
_a128 p. : _bil. ; _c28 cm. |
||
| 490 | 1 | _aÁmbar | |
| 500 | _a1er. curso/segundo ciclo | ||
| 505 | 0 |
_aUnidades -- _tOrigen de la religión -- _tLas grandes religiones -- _tReligión, presente y futuro -- _t¿Qué es la Biblia -- _tDios se ha revelado -- _tLa Biblia fuente de la fe cristiana -- _tJesús personaje histórico -- _tEl Cristo en la fe -- _tJesús hombre para los hombres -- _tMaría de Nazaret -- _tComunidad de los creyentes -- _tÉtica humana y ética cristiana -- _tLa doctrina social de la iglesia -- _tQué es el humanismo -- _tCristianismo, ¿un humanismo -- _tEl cristianismo en el arte -- _tCristianismo, ciencia y arte -- _tLa religión y la comunicación. |
|
| 650 | 4 |
_aRELIGIÓN _xENSEÑANZA SECUNDARIA |
|
| 650 | 4 |
_aRELIGIÓN _xESTUDIOS Y EJERCICIOS |
|
| 650 | 4 |
_aRELIGIÓN _xLIBROS DE TEXTOS |
|
| 650 | 4 |
_aEDUCACIÓN SECUNDARIA _zREPÚBLICA DOMINICANA |
|
| 650 | 4 |
_aRELIGIÓN _xEDUCACIÓN SECUNDARIA |
|
| 700 | 1 | 2 |
_aGarcía de Escobar, Obdulia, _eed. |
| 700 | 1 |
_aNúñez, Ruddy, _eil. |
|
| 830 | 0 | _aÁmbar | |
| 910 | _aValidado. Control de calidad MFF | ||
| 930 | 1 |
_lBND01 _mLF1 _820091117 _f01 _pCT _g7757 |
|
| 942 |
_2ddc _cBK |
||
| 956 |
_aJPARRA _b10 _c20091117 _lBND01 _h1430 |
||
| 956 |
_aBTAVAREZ _b10 _c20100222 _lBND01 _h1532 |
||
| 956 |
_aVMATEO _b10 _c20150721 _lBPMSU _h00151 |
||
| 956 |
_aLOPEREZ _b10 _c20160406 _lBPMSU _h0041 |
||
| 999 |
_c9598 _d9598 |
||